01166nas a2200265uu 4500001000800000005001700008008004100025022001400066035001200080040001300092041000800105082000800113110008100121245004800202260008100250500008300331650003100414856004800445942001200493999001900505952009500524952009300619952009500712952009300807151024220240208090436.0181025uuuuuuuuu eng  a0031-952X a1510242 ccomduadb aeng 4a51020aWorcester Polytechnic Institute. Department of Mathematics4auteaut983466714aThe Pi Mu Epsilon Journal (Estados Unidos) aWorcester, MA :bWorcester Polytechnic Institute. Department of Mathematics. aEn los años 2017 y 2018 se adquiere por intermedio de Revistas Publiciencia. 7aMatemáticas2lemb9308714 uhttp://www.pme-math.org/journal/issues.html cREVISTA c791825d791825 001040708HEMEROTECAaBCbBChVolumen 14, Número 08, Spring 2018l0p01065863yREVISTA 001040708HEMEROTECAaBCbBChVolumen 14, Número 09, Fall 2018l0p01050345yREVISTA 001040708HEMEROTECAaBCbBChVolumen 14, Número 06, Spring 2017l0p01065861yREVISTA 001040708HEMEROTECAaBCbBChVolumen 14, Número 07, Fall 2017l0p01065862yREVISTA